000 00764nam a22002177a 4500
999 _c9521
_d9521
003 AR-CdUCM
008 190328b ||||| |||| 00| 0 spa d
040 _aMUNICIPALIDAD PROVINCIAL DEL CUSCO
_cBIBLIOTECA MUNICIPAL DEL CUSCO
082 _a392 /
_bO42 / 1934
100 _aOlavarrieta, J. B.
_925780
245 _aHigiene sexual /
260 _aSantiago :
_bCultura,
_c1934.
300 _a60 páginas ;
_c20 cm.
440 _aPequeña enciclopedia practica
_n4
_925781
505 _aContenido : Necesidad de la unión sexual -- Enfermedades que afectan a la unión sexual -- La copulación -- Anafrodisia -- Impotencia ...
650 _aEnciclopedia
_918075
650 _aSexual
_925782
650 _aEnfermedades
_95611
942 _2ddc
_cLIBROS
945 _arah